书目信息 |
| 题名: |
领导者
|
|
| 作者: | 远光 编著 | |
| 分册: | ||
| 出版信息: | 北京 台海出版社 2003.01 |
|
| 页数: | 302页 | |
| 开本: | 20cm | |
| 丛书名: | ||
| 单 册: | ||
| 中图分类: | B848.4 | |
| 科图分类: | ||
| 主题词: | 成功心理学 | |
| 电子资源: | ||
| ISBN: | 7-80141-285-0 | |
| 000 | 01003nam0 2200253 450 | |
| 001 | 0129994890 | |
| 005 | 20051018084433.62 | |
| 010 | @a7-80141-285-0@dCNY22.60 | |
| 100 | @a20050514d2003 km y0chiy0120 ea | |
| 101 | 0 | @achi |
| 102 | @aCN@b110000 | |
| 105 | @ay z 000yy | |
| 200 | 1 | @a领导者@Aling dao zhe@e一种由主动性通往目标的成功模式@d= Leader@d= the initiative-to-go success model@f远光编著@Fyuan guang bian zhu@zeng |
| 210 | @a北京@c台海出版社@d2003.01 | |
| 215 | @a302页@d20cm | |
| 314 | @a封面题:[德]卡尔·林顿 (Karl Lion) | |
| 330 | @a本书阐述成功永远靠本领赢得、培养自我本领的7个根源、欣赏别人,不如发现自己、向成功者借鉴本领、提高享受生活的本领等十章内容。 | |
| 510 | 1 | @aLeader@ethe initiative-to-go success model@zeng |
| 517 | 1 | @a一种由主动性通往目标的成功模式@Ayi zhong you zhu dong xing tong wang mu biao de cheng gong mo shi |
| 606 | 0 | @a成功心理学 |
| 690 | @aB848.4@v4 | |
| 701 | 0 | @a远光@Ayuan guang@4编著 |
| 801 | 0 | @aCN@bQSSK@c20051018 |
| 905 | @a10447@dB848.4@eY938 | |
| 领导者:一种由主动性通往目标的成功模式= Leader= the initiative-to-go success model/远光编著.-北京:台海出版社,2003.01 |
| 302页;20cm |
| ISBN 7-80141-285-0:CNY22.60 |
| 本书阐述成功永远靠本领赢得、培养自我本领的7个根源、欣赏别人,不如发现自己、向成功者借鉴本领、提高享受生活的本领等十章内容。 |
| ● |
| 相关链接 |
|
|
|
正题名:领导者
索取号:B848.4/Y938
 
预约/预借
| 序号 | 登录号 | 条形码 | 馆藏地/架位号 | 状态 | 备注 |
| 1 | 570610 | 205706100 | 社科库509/509社科库 51排4列5层/ [索取号:B848.4/Y938] | 在馆 | |
| 2 | 570611 | 205706119 | 社科库509/509社科库 51排4列5层/ [索取号:B848.4/Y938] | 在馆 | |
| 3 | 570612 | 205706128 | 社科库509/509社科库 51排4列5层/ [索取号:B848.4/Y938] | 在馆 |